Paul Delaney v Mrs Can Chen and Mr An Xiang Du (Record no. 82225)

MARC details
000 -LEADER
fixed length control field 01137cad a22001935a 4500
001 - CONTROL NUMBER
control field E149609
008 - FIXED-LENGTH DATA ELEMENTS--GENERAL INFORMATION
fixed length control field 100325e20100108xxk v 000 0 eng d
035 ## - SYSTEM CONTROL NUMBER
System control number (Sirsi) u149609
041 0# - LANGUAGE CODE
Language code of text/sound track or separate title eng
245 00 - TITLE STATEMENT
Title Paul Delaney v Mrs Can Chen and Mr An Xiang Du
Medium [electronic resource]
260 ## - PUBLICATION, DISTRIBUTION, ETC.
Date of publication, distribution, etc. 2010
520 ## - SUMMARY, ETC.
Summary, etc. [2010] EWCA Civ 6 (CH), 8 January 2010. Case relates to the sale of a house on a sale and lease back basis. CC and AXD were creditors of the sellers, and challenged the sale on the basis that the main purpose of the sale to D was to put assets beyond their reach. It was argued that the sale was a transaction at undervalue. "Held": appeal allowed. Although part of the intention of the sale was to make the property immune from creditors, CC and AXD had not established the requisite undervalue.
590 ## - LOCAL NOTE (RLIN)
Local note KA
650 24 - SUBJECT ADDED ENTRY--TOPICAL TERM
Topical term or geographic name entry element DELANEY V CHEN AND ANOR
651 #4 - SUBJECT ADDED ENTRY--GEOGRAPHIC NAME
Geographic name England and Wales
Chronological subdivision 1543-
690 ## - LOCAL SUBJECT ADDED ENTRY--TOPICAL TERM (OCLC, RLIN)
Topical term or geographic name as entry element PROPERTY-RESIDENTIAL PROPERTY-ACQUISITION AND DISPOSAL OF RESIDENTIAL PROPERTY
856 40 - ELECTRONIC LOCATION AND ACCESS
Uniform Resource Identifier <a href="https://www.bailii.org/ew/cases/EWHC/Ch/2010/6.html">https://www.bailii.org/ew/cases/EWHC/Ch/2010/6.html</a>
Public note View the judgement free of charge at www.bailii.org...
942 ## - ADDED ENTRY ELEMENTS (KOHA)
Suppress in OPAC 0
Holdings
Withdrawn status Lost status Source of classification or shelving scheme Damaged status Not for loan Home library Current library Shelving location Date acquired Total Checkouts Full call number Barcode Date last seen Copy number Price effective from Koha item type
    Dewey Decimal Classification     Virtual Virtual Online 25/03/2010   ONLINE PUBLICATION 149609-2001 06/08/2019 1 06/08/2019 Law report